000 00289nam a22001337a 4500
008 170418b xxu||||| |||| 00| 0 eng d
020 _a0697045633
041 _aeng
080 _22ND
_a573
100 _a11
101 _aSHM
245 _aINQUIRY INTO LIFE
_cMADER, S.S
942 _2udc
_cBK
999 _c11033
_d11033